<?xml version="1.0" encoding="UTF-8"?>
<record
    xmlns:xsi="http://www.w3.org/2001/XMLSchema-instance"
    xsi:schemaLocation="http://www.loc.gov/MARC21/slim http://www.loc.gov/standards/marcxml/schema/MARC21slim.xsd"
    xmlns="http://www.loc.gov/MARC21/slim">

  <leader>00630nam a22002057a 4500</leader>
  <controlfield tag="005">20230818161337.0</controlfield>
  <controlfield tag="008">230818b           ||||| |||| 00| 0 eng d</controlfield>
  <datafield tag="040" ind1=" " ind2=" ">
    <subfield code="a">IN-DiNC</subfield>
    <subfield code="c">IN-DiNC</subfield>
  </datafield>
  <datafield tag="041" ind1=" " ind2=" ">
    <subfield code="d">eng</subfield>
  </datafield>
  <datafield tag="082" ind1=" " ind2=" ">
    <subfield code="a">658</subfield>
    <subfield code="b">SHA</subfield>
  </datafield>
  <datafield tag="100" ind1=" " ind2=" ">
    <subfield code="a">Sharma, R K</subfield>
    <subfield code="e">author</subfield>
  </datafield>
  <datafield tag="245" ind1=" " ind2=" ">
    <subfield code="a">Business studies:</subfield>
    <subfield code="b">for class XII/</subfield>
    <subfield code="c">by R K Sharma, Shashi K Gupta and Rahul Sharma</subfield>
  </datafield>
  <datafield tag="260" ind1=" " ind2=" ">
    <subfield code="a">Ludhiana:</subfield>
    <subfield code="b">Kalyani publishers,</subfield>
    <subfield code="c">2023.</subfield>
  </datafield>
  <datafield tag="300" ind1=" " ind2=" ">
    <subfield code="a">AS.20p.</subfield>
  </datafield>
  <datafield tag="650" ind1=" " ind2=" ">
    <subfield code="a">Principles and function of management</subfield>
  </datafield>
  <datafield tag="650" ind1=" " ind2=" ">
    <subfield code="a">Business finance and marketing</subfield>
  </datafield>
  <datafield tag="700" ind1=" " ind2=" ">
    <subfield code="a">Gupta, Shashi K</subfield>
    <subfield code="e">author</subfield>
  </datafield>
  <datafield tag="700" ind1=" " ind2=" ">
    <subfield code="a">Sharma, Rahul</subfield>
    <subfield code="e">author</subfield>
  </datafield>
  <datafield tag="942" ind1=" " ind2=" ">
    <subfield code="2">ddc</subfield>
    <subfield code="c">BK</subfield>
  </datafield>
  <datafield tag="999" ind1=" " ind2=" ">
    <subfield code="c">11578</subfield>
    <subfield code="d">11578</subfield>
  </datafield>
  <datafield tag="952" ind1=" " ind2=" ">
    <subfield code="0">0</subfield>
    <subfield code="1">0</subfield>
    <subfield code="2">ddc</subfield>
    <subfield code="4">0</subfield>
    <subfield code="7">0</subfield>
    <subfield code="8">COM</subfield>
    <subfield code="a">MAIN</subfield>
    <subfield code="b">MAIN</subfield>
    <subfield code="c">GEN</subfield>
    <subfield code="d">2023-08-18</subfield>
    <subfield code="g">525.00</subfield>
    <subfield code="l">4</subfield>
    <subfield code="o">658 SHA</subfield>
    <subfield code="p">29313</subfield>
    <subfield code="r">2024-05-20 05:09:19</subfield>
    <subfield code="s">2024-05-04</subfield>
    <subfield code="t">1</subfield>
    <subfield code="w">2023-08-18</subfield>
    <subfield code="y">BK</subfield>
  </datafield>
  <datafield tag="952" ind1=" " ind2=" ">
    <subfield code="0">0</subfield>
    <subfield code="1">0</subfield>
    <subfield code="2">ddc</subfield>
    <subfield code="4">0</subfield>
    <subfield code="7">0</subfield>
    <subfield code="8">COM</subfield>
    <subfield code="a">MAIN</subfield>
    <subfield code="b">MAIN</subfield>
    <subfield code="c">GEN</subfield>
    <subfield code="d">2023-08-18</subfield>
    <subfield code="g">525.00</subfield>
    <subfield code="l">4</subfield>
    <subfield code="o">658 SHA</subfield>
    <subfield code="p">29314</subfield>
    <subfield code="q">2024-12-14</subfield>
    <subfield code="r">2024-11-26 04:55:10</subfield>
    <subfield code="s">2024-11-26</subfield>
    <subfield code="t">2</subfield>
    <subfield code="w">2023-08-18</subfield>
    <subfield code="y">BK</subfield>
  </datafield>
  <datafield tag="952" ind1=" " ind2=" ">
    <subfield code="0">0</subfield>
    <subfield code="1">0</subfield>
    <subfield code="2">ddc</subfield>
    <subfield code="4">0</subfield>
    <subfield code="7">0</subfield>
    <subfield code="8">COM</subfield>
    <subfield code="a">MAIN</subfield>
    <subfield code="b">MAIN</subfield>
    <subfield code="c">GEN</subfield>
    <subfield code="d">2023-08-18</subfield>
    <subfield code="g">525.00</subfield>
    <subfield code="l">3</subfield>
    <subfield code="o">658 SHA</subfield>
    <subfield code="p">29315</subfield>
    <subfield code="r">2024-05-09 09:31:09</subfield>
    <subfield code="s">2024-05-02</subfield>
    <subfield code="t">3</subfield>
    <subfield code="w">2023-08-18</subfield>
    <subfield code="y">BK</subfield>
  </datafield>
  <datafield tag="952" ind1=" " ind2=" ">
    <subfield code="0">0</subfield>
    <subfield code="1">0</subfield>
    <subfield code="2">ddc</subfield>
    <subfield code="4">0</subfield>
    <subfield code="7">0</subfield>
    <subfield code="8">COM</subfield>
    <subfield code="a">MAIN</subfield>
    <subfield code="b">MAIN</subfield>
    <subfield code="c">GEN</subfield>
    <subfield code="d">2023-08-18</subfield>
    <subfield code="g">525.00</subfield>
    <subfield code="o">658 SHA</subfield>
    <subfield code="p">29316</subfield>
    <subfield code="r">2023-08-18 00:00:00</subfield>
    <subfield code="t">4</subfield>
    <subfield code="w">2023-08-18</subfield>
    <subfield code="y">BK</subfield>
  </datafield>
  <datafield tag="952" ind1=" " ind2=" ">
    <subfield code="0">0</subfield>
    <subfield code="1">0</subfield>
    <subfield code="2">ddc</subfield>
    <subfield code="4">0</subfield>
    <subfield code="7">0</subfield>
    <subfield code="8">COM</subfield>
    <subfield code="a">MAIN</subfield>
    <subfield code="b">MAIN</subfield>
    <subfield code="c">GEN</subfield>
    <subfield code="d">2023-08-18</subfield>
    <subfield code="g">525.00</subfield>
    <subfield code="l">2</subfield>
    <subfield code="o">658 SHA</subfield>
    <subfield code="p">29317</subfield>
    <subfield code="r">2023-10-05 00:00:00</subfield>
    <subfield code="s">2023-09-21</subfield>
    <subfield code="t">5</subfield>
    <subfield code="w">2023-08-18</subfield>
    <subfield code="y">BK</subfield>
  </datafield>
</record>
